The lie ; a play in four acts /

Bibliographic Details
Main Author: Jones, Henry Arthur, 1851-1929
Format: Book
Language:English
Published: New York : George H. Doran Company, [1915]

MARC

Tag First Indicator Second Indicator Subfields
LEADER 00000cam a2200000 4500
001 in00000035582
005 20151007062040.0
008 751021s1915 nyu 00010 eng
010 |a  15011230  
035 |a (OCoLC)01721260 
035 |9 AAD3831AM 
040 |a DLC  |c JPL  |d TXA  |d UtOrBLW 
049 |a TXAM  |c [5073] 
050 0 0 |a PR4827  |b .L6 1915 
092 |a 822  |b J77L 
100 1 |a Jones, Henry Arthur,  |d 1851-1929. 
245 1 4 |a The lie ;  |b a play in four acts /  |c by Henry Arthur Jones... 
264 1 |a New York :  |b George H. Doran Company,  |c [1915] 
264 4 |c [©1915] 
300 |a 110 pages ;  |c 20 cm. 
336 |a text  |b txt  |2 rdacontent 
337 |a unmediated  |b n  |2 rdamedia 
338 |a volume  |b nc  |2 rdacarrier 
999 |a MARS 
999 f f |s 7423b6bc-1b4e-3208-a829-84c2a8d170a5  |i f587c8e5-a48a-357e-943f-584383e43272  |t 0 
952 f f |p ric  |a Texas A&M University  |b Rellis Campus  |c Joint Library Facility  |d Remote Storage  |t 0  |e PR4827 .L6 1915  |h Library of Congress classification  |i unmediated -- volume  |m A14801297500 
998 f f |a PR4827 .L6 1915  |t 0  |l Remote Storage